000 00299nam a22001337a 4500
008 170802b xxu||||| |||| 00| 0 eng d
020 _a9780130351227
041 _aeng
080 _a004
100 _a32
101 _aSHK
245 _aDATABASE DESIGN AND DEVELOPMENT
_cFROST,R
942 _2udc
_cBK
999 _c22465
_d22465